[Event "Wch U18 Girls rapid"]
[Site "Batumi"]
[Date "2023.06.08"]
[Round "11"]
[White "Dvoeglazova, Daria"]
[Black "Mamardashvili, Ana"]
[Result "0-1"]
[WhiteElo "1273"]
[BlackElo "1420"]
[PlyCount "94"]
[EventDate "2023.06.06"]
[EventType "swiss (rapid)"]
[EventRounds "11"]
[EventCountry "GEO"]
[SourceTitle "CBM 214 Extra"]
[Source "ChessBase"]
[SourceDate "2023.07.31"]
[SourceVersion "1"]
[SourceVersionDate "2023.07.31"]
[SourceQuality "1"]

1. e4 d6 2. d4 Nf6 3. Nc3 g6 4. Bc4 Bg7 5. f4 0-0 6. Be3 c6 7. Bb3 a6 8. Qd2 Ng4 9. 0-0-0 b5 10. h3 Nxe3 11. Qxe3 a5 12. a4 Qb6 13. g4 Nd7 14. f5 c5 15. Nd5 Qd8 16. fxg6 cxd4 17. gxh7+ Kh8 18. Qg5 bxa4 19. Bxa4 Nc5 20. Bc6 Ra6 21. Bb5 Ra7 22. Ne2 Nxe4 23. Qf4 Nc5 24. g5 Ne6 25. Qh4 a4 26. Bd3 a3 27. bxa3 Rxa3 28. g6 f6 29. Nxd4 Nxd4 30. Qxd4 Qa5 31. c3 Ra1+ 32. Kd2 Rxd1+ 33. Rxd1 e5 34. Qe4 f5 35. Qg2 e4 36. Bc4 Qc5 37. Bb3 e3+ 38. Kc2 f4 39. Ne7 Qxc3+ 40. Kb1 Qxb3+ 41. Kc1 Qc3+ 42. Qc2 Qxc2+ 43. Kxc2 e2 44. Re1 f3 45. Kd2 f2 46. Kxe2 fxe1Q+ 47. Kxe1 Bxh3 0-1

[Event "EU-ch Schools U15 Girls"]
[Site "Tornelo INT"]
[Date "2021.12.03"]
[Round "2"]
[White "Brinovec, Lucy"]
[Black "Mamardashvili, Ana"]
[Result "0-1"]
[WhiteElo "1311"]
[BlackElo "1428"]
[PlyCount "78"]
[EventDate "2021.12.03"]
[EventType "swiss (rapid)"]
[EventRounds "7"]
[EventCountry "NET"]
[SourceTitle "EXT 2023"]
[Source "ChessBase"]
[SourceDate "2022.10.05"]
[SourceVersion "1"]
[SourceVersionDate "2022.10.05"]
[SourceQuality "1"]

1. e4 d6 2. d4 Nf6 3. Nc3 g6 4. Nf3 Bg7 5. Bf4 0-0 6. Bc4 Bg4 7. h3 Bxf3 8. Qxf3 Nc6 9. Qe3 e5 10. dxe5 Nxe5 11. Bb3 Re8 12. 0-0 c6 13. Rad1 Qc7 14. Bh6 Rad8 15. Bxg7 Kxg7 16. Qg5 h6 17. Qg3 Nh5 18. Qe3 b6 19. Ne2 Nf6 20. Ng3 d5 21. exd5 cxd5 22. Qd4 Nc6 23. Qd2 d4 24. Rfe1 Ne5 25. Qf4 Qc5 26. c3 Nd3 27. cxd4 Rxd4 28. Qf3 Nxe1 29. Rxe1 Rxe1+ 30. Kh2 Re7 31. Ne2 Qd6+ 32. Ng3 Rf4 33. Qc3 Rxf2 34. Qc4 Ne4 35. Kg1 Qxg3 36. Qd4+ Kh7 37. Qxf2 Nxf2 38. Kf1 Nd3 39. Kg1 Re1# 0-1

[Event "EU-ch Schools U15 Girls"]
[Site "Tornelo INT"]
[Date "2021.12.03"]
[Round "1"]
[White "Mamardashvili, Ana"]
[Black "Shubenkova, Veronika"]
[Result "0-1"]
[WhiteElo "1428"]
[BlackElo "1762"]
[PlyCount "120"]
[EventDate "2021.12.03"]
[EventType "swiss (rapid)"]
[EventRounds "7"]
[EventCountry "NET"]
[SourceTitle "EXT 2023"]
[Source "ChessBase"]
[SourceDate "2022.10.05"]
[SourceVersion "1"]
[SourceVersionDate "2022.10.05"]
[SourceQuality "1"]

1. d4 d5 2. Nf3 e6 3. Bg5 Be7 4. Bxe7 Qxe7 5. c3 f5 6. e3 Nd7 7. Bd3 Qd6 8. Nbd2 Ngf6 9. Qc2 Ne4 10. c4 c6 11. c5 Qc7 12. Bxe4 fxe4 13. Ng5 Nf6 14. b4 e5 15. Nb3 0-0 16. h4 Ng4 17. Nh3 exd4 18. Nxd4 Ne5 19. Nf4 Qe7 20. a4 a6 21. a5 Bg4 22. Ra2 Rf6 23. Qc3 Rh6 24. g3 g5 25. Ng2 Rf8 26. Rd2 Bf3 27. Rg1 Bxg2 28. Rxg2 Qf6 29. Kd1 Nf3 30. Re2 Nxd4 31. Qxd4 Qxd4+ 32. exd4 gxh4 33. gxh4+ Kh8 34. Rg4 Rf3 35. Kc2 Rhf6 36. Rg2 Ra3 37. Kb2 Rd3 38. Kc2 Rxd4 39. Kb3 Rf3+ 40. Ka4 Rd1 41. Ra2 Rf4 42. Rh2 Kg7 43. Rg2+ Kf7 44. h5 Rh1 45. Rg5 h6 46. Rg6 Rxh5 47. Rd6 Kg7 48. Rd7+ Rf7 49. Rd8 Rhf5 50. Rb8 h5 51. Rc8 h4 52. Re8 h3 53. Ra1 h2 54. Rh1 Rxf2 55. Rb8 R7f3 56. Rxb7+ Kf6 57. b5 Ra2+ 58. Kb4 Rb2+ 59. Ka4 cxb5+ 60. Rxb5 axb5# 0-1

[Event "EU-ch Schools U15 Girls"]
[Site "Tornelo INT"]
[Date "2021.12.03"]
[Round "1"]
[White "Striskova, Lucia"]
[Black "Mamardashvili, Ana"]
[Result "1-0"]
[WhiteElo "1947"]
[BlackElo "1428"]
[PlyCount "107"]
[EventDate "2021.12.03"]
[EventType "swiss (rapid)"]
[EventRounds "7"]
[EventCountry "NET"]
[SourceTitle "EXT 2023"]
[Source "ChessBase"]
[SourceDate "2022.10.05"]
[SourceVersion "1"]
[SourceVersionDate "2022.10.05"]
[SourceQuality "1"]

1. e4 d6 2. d4 Nf6 3. Nc3 g6 4. Nf3 Bg7 5. Be2 0-0 6. 0-0 c5 7. dxc5 dxc5 8. Be3 Nbd7 9. h3 Qc7 10. Qc1 e5 11. Rd1 a6 12. a4 b6 13. Nd5 Nxd5 14. exd5 Qd6 15. Ng5 Nf6 16. c4 Bb7 17. Bf3 Rfe8 18. Qc2 h6 19. Ne4 Nxe4 20. Bxe4 f5 21. Bf3 e4 22. Be2 f4 23. Bd2 Re7 24. Bg4 Bc8 25. Bxc8 Rxc8 26. Re1 Rce8 27. a5 b5 28. cxb5 axb5 29. a6 Qxd5 30. Bxf4 g5 31. Be3 c4 32. Red1 Qc6 33. a7 Ra8 34. Qd2 c3 35. bxc3 Bxc3 36. Qa2+ Kf8 37. Rac1 b4 38. Qa5 Rf7 39. Rd8+ Kg7 40. Bd4+ Kh7 41. Rxa8 Qxa8 42. Be3 Re7 43. Qf5+ Kg7 44. Qa5 Kh7 45. Rd1 b3 46. Qxc3 Qb7 47. Rb1 Qa6 48. Qxb3 Qa5 49. Qb4 Qd8 50. Qxe7+ Qxe7 51. a8Q Kg6 52. Qc6+ Kh5 53. g4+ Kh4 54. Qxh6# 1-0

[Event "GEO-ch U20 Girls"]
[Site "Tbilisi"]
[Date "2020.08.06"]
[Round "1"]
[White "Janiashvili, Mariam"]
[Black "Mamardashvili, Ana"]
[Result "1-0"]
[WhiteElo "2012"]
[BlackElo "1528"]
[PlyCount "89"]
[EventDate "2020.08.06"]
[EventType "swiss"]
[EventRounds "9"]
[EventCountry "GEO"]
[SourceTitle "CBM 197 Extra"]
[Source "ChessBase"]
[SourceDate "2020.09.30"]
[SourceVersion "1"]
[SourceVersionDate "2020.09.30"]
[SourceQuality "1"]

1. d4 Nf6 2. c4 g6 3. g3 Bg7 4. Bg2 0-0 5. Nc3 d6 6. Nf3 Nbd7 7. 0-0 c6 8. e4 Qc7 9. Qc2 e5 10. Rd1 Re8 11. b3 d5 12. exd5 cxd5 13. dxe5 Nxe5 14. Nxe5 d4 15. Bf4 dxc3 16. Nxg6 Qc5 17. Nh4 Ng4 18. h3 Nf6 19. Be3 Rxe3 20. fxe3 Qxe3+ 21. Qf2 Qxf2+ 22. Kxf2 Be6 23. Bxb7 Rb8 24. Bg2 c2 25. Re1 Bxc4 26. bxc4 Ng4+ 27. hxg4 Bxa1 28. Rc1 Bd4+ 29. Ke2 Rb2 30. Kd3 Be5 31. Rxc2 Rxc2 32. Kxc2 Bxg3 33. Nf5 Bc7 34. Kd3 f6 35. Bd5+ Kf8 36. Ke4 Ke8 37. Bg8 Kd7 38. Kd5 Bf4 39. Bxh7 Kc7 40. c5 Kb7 41. c6+ Kb6 42. Nd4 Be5 43. Ne6 Bg3 44. c7 Kb7 45. Bd3 1-0

[Event "Wch U12 Girls"]
[Site "Santiago de Compostela"]
[Date "2018.11.08"]
[Round "4"]
[White "Weersing, Abigail Riis"]
[Black "Mamardashvili, Ana"]
[Result "0-1"]
[WhiteElo "1649"]
[BlackElo "1527"]
[PlyCount "118"]
[EventDate "2018.11.04"]
[EventType "swiss"]
[EventRounds "11"]
[EventCountry "ESP"]
[SourceTitle "EXT 2022"]
[Source "ChessBase"]
[SourceDate "2021.10.06"]
[SourceVersion "1"]
[SourceVersionDate "2021.10.06"]
[SourceQuality "1"]

1. d4 d5 2. c4 e6 3. Nc3 Nf6 4. Bg5 Be7 5. Nf3 0-0 6. e3 h6 7. Bh4 Ne4 8. Bxe7 Qxe7 9. Qc2 Nxc3 10. Qxc3 c6 11. Be2 dxc4 12. Qxc4 Nd7 13. 0-0 e5 14. dxe5 Nxe5 15. Qb3 Be6 16. Qc2 Nxf3+ 17. Bxf3 Rfd8 18. b3 Rac8 19. Rfd1 Qf6 20. Rac1 Bf5 21. Qe2 Qe7 22. h3 Rxd1+ 23. Rxd1 Rd8 24. Rd2 Rd7 25. Qd1 Qd8 26. Rxd7 Qxd7 27. Qxd7 Bxd7 28. Kf1 a5 29. Ke2 Kf8 30. Kd3 Ke7 31. Kc3 Kd6 32. Be2 b6 33. f4 Bc8 34. e4 f6 35. Kd4 c5+ 36. Kc3 Bd7 37. a4 g5 38. fxg5 fxg5 39. Bf3 Ke5 40. Kc4 Be6+ 41. Kc3 Kf4 42. Kc2 Ke3 43. Kc3 Bf7 44. Kb2 Kd3 45. Bg4 Kxe4 46. Kc3 Ke3 47. Bf3 Be6 48. Bc6 Kf2 49. Bb7 h5 50. Bc6 g4 51. hxg4 hxg4 52. Bb7 g3 53. Bf3 Bh3 54. Kc4 Bxg2 55. Bxg2 Kxg2 56. Kb5 Kh2 57. Kxb6 g2 58. Kxa5 g1Q 59. Kb5 Qb1 0-1